000 00285nam a2200145Ia 4500
100 _aKoenig/ Andrew
942 _cBK
654 _aC
245 _aC Traps & Pit Falls
260 _bAddison Wesly
_c1989
082 _a5.26
_bKOE
300 _a147
546 _aENGLISH
999 _c17946
_d17946